| 000 | 00749nas a2200241 4500 | ||
|---|---|---|---|
| 001 | BR9100184 | ||
| 003 | BR-BrBNA | ||
| 005 | 20231205091854.0 | ||
| 007 | ta | ||
| 008 | 230509b bl.|||p| |||| 00| 00por d | ||
| 040 |
_aBR-BrBNA _bpor _cBiblioteca Nacional de Agricultura |
||
| 041 | _a(Pt) | ||
| 072 | _aK10 | ||
| 100 | 1 | _aFacanha, J.G.V. | |
| 100 | 1 | _aVarela, V.P. | |
| 245 | 1 | _aInfluencia do tamanho da semente e tipo de sombreamento na producao de mudas de muirapiranga | |
| 650 | _aMUDA | ||
| 650 | _aSEMENTE | ||
| 650 | _aSOMBREAMENTO | ||
| 773 | 0 |
_tPesquisa Agropecuaria Brasileira (Brazil) _xISSN 0100-204X _g(Nov-Dec 1987), v. 22(11-12) p. 1185-1188 _wBR9100184 |
|
| 909 |
_a202311 _bLúcia _c55 _dLúcia Elande |
||
| 942 |
_2AGRIS _n0 _cANA |
||
| 999 |
_c127875 _d127875 |
||